Дело о представлении государю императору и государю наследнику экземпляров "Временника", издаваемого обществом истории и древнос...

Доступно только в Электронных читальных залах Найти на картеНа карте
RUSMARC
00003639nmc2a22002413x 450
0016b589c6b-7fca-4f61-b855-dd09b16db1e4
00520251023205618.0
100##$a20250505l18491855k l0rusy0189 ca
1010#$arus
102##$aRU
105##$ay###
1222#$ad
2001#$aДело о представлении государю императору и государю наследнику экземпляров "Временника", издаваемого обществом истории и древностей российских
$j28 марта 1849 г. - 25 ноября 1855 г.
215##$a73 л.
$d36,5х26 см
251##$cДело
300##$aНа обложке указано: "№14"
371##$aДокумент не является опубликованным и широко распространяемым
461#0$10012b5b8419-5ce4-4d16-a7a3-85720a295f1f
$12001
$aКанцелярия министра народного просвещения
$1251
$cФонд
$1852
$j735
462#0$1001562cc287-b13c-4f02-8029-f81535ba1e2e
$12001
$aКанцелярия министра народного просвещения
$1251
$cОпись
$1852
$j2
801#0$aRU
$bРГИА
$c20250505
$gRCR
801#1$aRU
$bГлавНИВЦ
$c20250505
$2rusmarc
801#2$aRU
$bПБ им. Б.Н. Ельцина
$c20251023
$gRCR
$2rusmarc
850##$aРГИА
852##$aРГИА
$eФедеральное казенное учреждение "Российский государственный исторический архив" (РГИА)
$j729
937##$hРГИА
$d12421648
$aASBIBLIO_SCAN
035##$aRusGRCC00085718
856##$uhttp://readingroom.main.prlib.ru/item.aspx?id_node=n198643731&mode=full
Формат отображения